Loading...
| Science - Physics | 0 | 3 | 0 | 2 | 30 | 81 | 109.33 | 2 | 3 |
| Fine Arts - Auditory Fine Arts | 2 | 0 | 0 | 0 | 30 | 36 | 51.50 | 2 | 2 |
| Science - Other Science | 1 | 1 | 0 | 0 | 25 | 34 | 68.00 | 2 | 2 |
| Social Science | 2 | 0 | 2 | 0 | 20 | 44 | 53.00 | 1 | 2 |
| Fine Arts - Visual Fine Arts | 0 | 2 | 0 | 2 | 20 | 115 | 126.50 | 1 | 2 |
| Religion | 0 | 2 | 0 | 0 | 20 | 124 | 125.00 | 2 | 2 |
| Science - Biology | 1 | 0 | 0 | 0 | 15 | 64 | 64.00 | 1 | 1 |
| Other Academic | 1 | 0 | 0 | 0 | 15 | 53 | 53.00 | 1 | 1 |
| History - European History | 1 | 0 | 0 | 0 | 15 | 48 | 48.00 | 1 | 1 |
| Literature - British Literature | 0 | 1 | 0 | 0 | 10 | 101 | 101.00 | 0 | 1 |
| Literature - World Literature | 0 | 1 | 0 | 0 | 10 | 97 | 97.00 | 0 | 1 |
| Philosophy | 0 | 1 | 1 | 1 | 5 | 99 | 99.00 | 0 | 1 |
| Mythology | 0 | 1 | 1 | 0 | 5 | 89 | 89.00 | 1 | 1 |
| Literature - American Literature | 0 | 1 | 1 | 0 | 5 | 76 | 76.00 | 1 | 1 |
| Literature - European Literature | 0 | 0 | 1 | 0 | -5 | 0.00 | 0 | 0 | |
| Science - Chemistry | 0 | 0 | 1 | 0 | -5 | 0.00 | 0 | 0 | |
| Fine Arts - Other Fine Arts | 0 | 0 | 2 | 0 | -10 | 0.00 | 0 | 0 |